Les 10 langues les moins parlées en Europe - Statistiques

Statistiques générales
  • Ce quiz a été pris 4 fois
  • Le résultat moyen est 2 sur 10
Statistiques - réponses
Nombre de locuteurs Réponse % Correct
1000 Mannois
75%
15.000 Mirandais
75%
557 Cornique
50%
900 Istriote
0%
1.100 Istro-roumain
0%
2.800 Jersiais
0%
250 Judéo-italien
0%
5.000 Mégléno-roumain
0%
15.000 Svane
0%
70 Wilamowicien
0%
Aucun quiz correspondant
Distribution des résultats
% des personnes avec chaque résultat
Percentile par nombre de réponses
Votre historique - résultats
Vous n’avez pas pris ce quiz